Statistics for Translate Swedish words

Click here to take the quiz!

General Stats

  • This quiz has been taken 14 times
  • The average score is 8 of 10

Answer Stats

HintAnswer% Correct
SängBed
92%
FemFive
92%
MatFood
92%
GaffelFork
92%
VeckaWeek
92%
KärlekLove
83%
BordTable
75%
TröjaShirt
67%
GrodaFrog
58%
ÅsiktOpinion
33%

Score Distribution

Percentile by Number Answered

Percent of People with Each Score

Your Score History

You have not taken this quiz